000 05931nam a2200433 i 4500
001 196017
003 ES-MaREB
005 20250825062656.0
007 ta
008 240809s2023 sp a |||| ||spa d
017 _aV 505-2023
020 _a9788411181235
035 _aC01811820c
035 _aES-MaREB01900706-9
040 _aXLPV
_bspa
_cES-MaACL
080 _a305-055.2
100 0 _aMorant Deusa, Isabel
_983140
_epbl
245 1 3 _aEl lugar de las mujeres en la historia :
_bdesplazando los límites de la representación del mundo /
_cIsabel Morant, Rosa E. Ríos, Rafael Valls (dirs.).
260 _aValencia :
_bUniversitat de València,
_c2023.
300 _a510 p. :
_bil. ;
_c28 cm.
336 _aTexto (visual)
_2rdacontent
337 _asin mediación
_2rdamedia
338 _2rdacarrier
_avolumen
501 _aÍndice Prefacio Introducción I MUJERES Y HOMBRES, EL PROBLEMA DE LOS ORÍGENES 1 Las sociedades de la Prehistoria 2 Sexuar el pasado. Interpretaciones desde el registro arqueológico II EL MUNDO ANTIGUO Y MEDIEVAL 3 Diosas, reinas y mujeres en Egipto y Mesopotamia 4 Las iberas 5 La Atenas clásica 6 La Roma antigua 7 La vida de las mujeres en el Occidente medieval 8 Intervenir en el mundo. Formas de autoridad y poder femeninos en el Occidente medieval 9 Lo femenino en el mundo americano prehispánico III EL UNIVERSO DE LAS RELIGIONES 10 La mujer en la Biblia hebraica y la cristiana 11 El islam y las mujeres. Certezas y dudas 12 Lo femenino en la religión de Buda. El ayer y el hoy 13 Las mujeres en las religiones tradicionales de África IV RENACIMIENTO E ILUSTRACIÓN 14 Espacios de saber. Humanismo y reformas religiosas 15 Cuerpos y estados. Poder político en el Renacimiento y el Barroco 16 Escribir sobre las mujeres, escribir sobre el matrimonio. El pensamiento humanista 17 Amor y matrimonio en la literatura ilustrada 18 Luces y sombras de la Ilustración 19 Mujeres coloniales americanas V RUPTURAS POLÍTICAS, TRANSFORMACIONES SOCIALES Y MODERNIZACIÓN 20 ¿De qué igualdad hablamos cuando hablamos de igualdad? La Revolución francesa 21 ¿De qué libertad hablamos cuando hablamos de libertad? La construcción del orden social liberal 22 Mujeres en la construcción de las naciones latinoamericanas 23 La Revolución Industrial y las mujeres de la clase obrera 24 La revolución socialista pensada por mujeres 25 Reformistas, pacifistas, abolicionistas, sufragistas. El feminismo entre dos siglos 26 Trabajos femeninos en la América Latina del siglo XIX 27 Procesos de colonización y descolonización 28 Gritos y susurros. Representaciones de la vida privada entre dos siglos 29 La agencia femenina en el arte 30 Las científicas 31 New women: la modernización y sus límites VI TIEMPOS DE INCERTIDUMBRE. DEMOCRACIAS Y DICTADURAS 32 Las guerras del siglo XX 33 La Segunda República Española y las mujeres como sujeto político: ¿De qué democracia hablamos cuando hablamos de democracia? 34 Ser mujer en la dictadura y contra la dictadura 35 El oficio de maestra. Conservar o transgredir la construcción de género VII UN NUEVO SUJETO POLÍTICO: LOS FEMINISMOS 36 El movimiento de liberación de las mujeres 37 Agentes culturales y sociales en busca de libertad. Mujeres del siglo xx en América Latina 38 Un tsunami feminista 39 Posfeminidades y feminismos BIBLIOGRAFÍA CITADA BIBLIOGRAFÍA GENERAL APÉNDICE: Contenido del dosier Créditos de las imágenes AUTORÍAS
520 _a En los años setenta del siglo XX cobraron relevancia los estudios sobre la historia de las mujeres, un modo de interpretar el pasado en el que ellas ya no eran concebidas como objetos pasivos, sino como sujetos conscientes y activos. Por tanto, había que reescribir su historia, elaborar un relato que entrara en diálogo e interacción con la Historia general para poder inscribirlas en esta de manera más completa y real. Se trata, pues, de una historia de las mujeres, pero que comprende y afecta también a los hombres, y a cómo las relaciones entre los sexos se han ido construyendo en los distintos momentos de la historia, tanto en los espacios sociales y políticos como en los privados. El libro aborda, desde una perspectiva universal y global, el carácter cultural e histórico de las diferencias y las desigualdades, y analiza la influencia de los cambios sociales y políticos sobre las mujeres, pero también la de ellas sobre estos: ¿pudieron participar activamente en el devenir de la historia?, ¿se vieron afectadas sus vidas significativamente por los diversos acontecimientos?, ¿hubo progreso para las mujeres? La obra –dirigida por Isabel Morant, Rosa Ríos y Rafael Valls, y escrita por investigadores y docentes de todos los niveles educativos que, por su trayectoria profesional, conocen los límites de la historia enseñada– se completa con un dosier eminentemente práctico –con textos, imágenes y propuestas didácticas–, pretende servir a las necesidades del estudiantado y aspira también a encontrar un público más amplio entre quienes comprenden que la historia de las mujeres constituye un saber nuevo para pensar sobre nosotras y nosotros, para comprender y construir la vida y el mundo que queremos.
650 4 _aMujeres-
_xHistoria
_915289
650 7 _aFeminismo
_2embne
_912744
650 7 _aSociología
_2embne
_917195
650 7 _aPolítica
_2embne
_9140345
655 7 _2tgfbne
_aLibros ilustrados
_9193653
700 _aRíos Lloret, Rosa Elena
_9238000
_epbl
700 _aValls Montés, Rafael
_9237995
_epbl
852 _aES-MaACL
_bR. 154410
_cDEPOJ
_jN-9144
_hDonación: Rosa Elena Ríos Lloret
_xEncuadernación rústica con solapas
_9205039
903 _9238000
_aRíos Lloret, Rosa Elena
_ednr
942 _cMONOGRAFIA
_n0
999 _c196017
_d196017